| 000 | 00832cab a2200277 4500 | ||
|---|---|---|---|
| 001 | WB2845-15 | ||
| 008 | 090401t1992 xxu||||| |||| 00| 0 eng d | ||
| 035 | _a(Sirsi) u63481 | ||
| 041 | _aeng | ||
| 245 | _aCity regulation for surveyors | ||
| 260 | _c1992 | ||
| 350 | _a0 | ||
| 490 |
_aRICS Press Release _v(PR163/92) 16 November 1992 (2) |
||
| 520 | _aSurveyors involved in investment work should be authorised by the Securities and Futures Authority. | ||
| 650 | _aAUTHORISATION | ||
| 650 | _aABOUT RICS-RICS MEMBERS | ||
| 650 | _aFINANCIAL SERVICES ACT 1986 | ||
| 650 | _aINVESTMENT | ||
| 650 | _aRICS | ||
| 650 | _aSECURITIES AND FUTURES AUTHORITY | ||
| 650 | _aSECURITIES AND INVESTMENTS BOARD | ||
| 650 | _aSIB | ||
| 690 | _aPROPERTY-PROPERTY FINANCE AND INVESTMENT | ||
| 942 | _n0 | ||
| 948 | _c04/03/1997 | ||
| 999 |
_c39454 _d39454 |
||